[Event "Gaia Profigaia op 17th"]
[Site "Vila Nova de Gaia"]
[Date "2017.06.18"]
[Round "7"]
[White "Clemente, Antonio"]
[Black "Fernandes, Tiago Joao Carneiro"]
[Result "1-0"]
[WhiteElo "1393"]
[BlackElo "1182"]
[PlyCount "81"]
[EventDate "2017.06.14"]
[EventType "swiss"]
[EventRounds "7"]
[EventCountry "POR"]
[SourceTitle "CBM 179 Extra"]
[Source "ChessBase"]
[SourceDate "2017.08.23"]
[SourceVersion "1"]
[SourceVersionDate "2017.08.23"]
[SourceQuality "1"]

1. d4 d5 2. c4 e6 3. Nc3 Nf6 4. Nf3 b6 5. cxd5 exd5 6. Bf4 Bd6 7. Bxd6 Qxd6 8. h3 c5 9. e3 cxd4 10. exd4 0-0 11. Be2 Nc6 12. 0-0 Bf5 13. Bd3 Bxd3 14. Qxd3 Rfe8 15. a3 a6 16. b4 b5 17. Rfe1 Nd7 18. Re3 Nb6 19. Nd2 Nc4 20. Rxe8+ Rxe8 21. Nb3 Qf6 22. Nxd5 Qd6 23. Ne3 Rd8 24. Nxc4 bxc4 25. Qxc4 Nxd4 26. Nxd4 Qxd4 27. Qxd4 Rxd4 28. Kf1 f5 29. Rb1 Rd5 30. a4 Rd7 31. b5 a5 32. Ke2 Re7+ 33. Kd3 Rc7 34. Rb2 Kf7 35. Kd4 Ke6 36. b6 Rb7 37. Kc5 Kd7 38. Rd2+ Kc8 39. Kc6 h6 40. Re2 g5 41. Re8# 1-0

[Event "Gaia Profigaia op 17th"]
[Site "Vila Nova de Gaia"]
[Date "2017.06.17"]
[Round "6"]
[White "Paiva, Rodrigo Garcia"]
[Black "Clemente, Antonio"]
[Result "1/2-1/2"]
[WhiteElo "1075"]
[BlackElo "1393"]
[PlyCount "98"]
[EventDate "2017.06.14"]
[EventType "swiss"]
[EventRounds "7"]
[EventCountry "POR"]
[SourceTitle "CBM 179 Extra"]
[Source "ChessBase"]
[SourceDate "2017.08.23"]
[SourceVersion "1"]
[SourceVersionDate "2017.08.23"]
[SourceQuality "1"]

1. e4 e5 2. Nf3 Nc6 3. d4 exd4 4. Bc4 Qe7 5. Qe2 h6 6. b3 g6 7. Bb2 Bg7 8. e5 Bxe5 9. Nxe5 Qxe5 10. Qxe5+ Nxe5 11. Bxd4 f6 12. Nd2 Kf8 13. 0-0 d6 14. Rfe1 Bd7 15. Re2 b6 16. Rae1 Nxc4 17. Nxc4 Rh7 18. h3 Re8 19. Rxe8+ Bxe8 20. Nd2 f5 21. c4 Re7 22. Rxe7 Nxe7 23. f4 h5 24. Kf2 Kf7 25. Kf3 Bc6+ 26. Kf2 Bb7 27. Nf3 Bxf3 28. Kxf3 Nc6 29. Bc3 a5 30. g4 hxg4+ 31. hxg4 Ke6 32. a4 d5 33. gxf5+ gxf5 34. Ke3 dxc4 35. bxc4 Kd6 36. Kd3 Kc5 37. Bd2 Ne7 38. Kc3 Ng6 39. Be3+ Kc6 40. Kb3 Nf8 41. Kc3 Ne6 42. Kb3 Nc5+ 43. Ka3 Kd6 44. Bf2 Ke6 45. Bxc5 bxc5 46. Kb3 Kf6 47. Kc3 Kg6 48. Kd3 Kh5 49. Ke3 Kg4 1/2-1/2

[Event "Gaia Profigaia op 8th"]
[Site "Vila Nova de Gaia"]
[Date "2015.07.01"]
[Round "7"]
[White "Clemente, Antonio"]
[Black "Real, Filipe Miguel"]
[Result "1-0"]
[WhiteElo "1405"]
[BlackElo "1196"]
[PlyCount "137"]
[EventDate "2015.06.27"]
[EventType "swiss"]
[EventRounds "9"]
[EventCountry "POR"]
[SourceTitle "EXT 2018"]
[Source "ChessBase"]
[SourceDate "2017.10.13"]
[SourceVersion "1"]
[SourceVersionDate "2017.10.13"]
[SourceQuality "1"]

1. e4 c5 2. Nf3 d6 3. d4 cxd4 4. Nxd4 Nf6 5. Nc3 e5 6. Nb3 a6 7. Be2 Be6 8. 0-0 Nbd7 9. Be3 b5 10. f3 Nb6 11. a3 Qc7 12. Rc1 Bc4 13. Nd2 d5 14. exd5 Bc5 15. Bxc5 Qxc5+ 16. Kh1 Nbxd5 17. Nxd5 Nxd5 18. Ne4 Bxe2 19. Qxe2 Qd4 20. c3 Nf4 21. Qxb5+ axb5 22. cxd4 exd4 23. Nd6+ Kd7 24. Nxb5 d3 25. Rcd1 Kc6 26. Nc3 Rhd8 27. Rd2 Kc5 28. Rfd1 Rab8 29. g3 Ne2 30. Rxd3 Rxd3 31. Rxd3 Kc4 32. Re3 Nd4 33. Nd1 f5 34. f4 Rb3 35. Kg2 Rxe3 36. Nxe3+ Kb3 37. h4 h5 38. Nd5 Kxb2 39. a4 Nc6 40. Nc7 Kb3 41. a5 Nxa5 42. Ne6 g6 43. Nf8 Nc6 44. Nxg6 Nd4 45. Ne7 Kc3 46. Nd5+ Kd3 47. Nf6 Ne6 48. Nxh5 Ke4 49. Nf6+ Kd4 50. h5 Nf8 51. Kf3 Kc5 52. g4 fxg4+ 53. Kxg4 Kd6 54. Kf5 Ke7 55. h6 Kf7 56. Nd5 Nh7 57. Ne3 Nf8 58. Ng4 Nh7 59. Ne5+ Ke7 60. Kg6 Nf8+ 61. Kg7 Ne6+ 62. Kg8 Nf8 63. f5 Ke8 64. h7 Nxh7 65. Kxh7 Kf8 66. Kg6 Kg8 67. Kf6 Kf8 68. Ng4 Kg8 69. Ke7 1-0

[Event "Matosinhos Honra"]
[Site "Matosinhos"]
[Date "2015.06.07"]
[Round "1"]
[White "Clemente, Antonio"]
[Black "Leao, Luis"]
[Result "0-1"]
[WhiteElo "1405"]
[BlackElo "1895"]
[PlyCount "160"]
[EventDate "2015.06.07"]
[EventType "tourn"]
[EventRounds "9"]
[EventCountry "POR"]
[SourceTitle "EXT 2018"]
[Source "ChessBase"]
[SourceDate "2017.10.13"]
[SourceVersion "1"]
[SourceVersionDate "2017.10.13"]
[SourceQuality "1"]

1. e4 c5 2. Nf3 d6 3. d4 cxd4 4. Nxd4 Nf6 5. Nc3 a6 6. Be2 e5 7. Nb3 Be7 8. Be3 Be6 9. 0-0 0-0 10. f4 Qc7 11. f5 Bc4 12. Nd2 Bxe2 13. Qxe2 b5 14. a3 Nc6 15. Nd5 Nxd5 16. exd5 Na5 17. Qd3 Nc4 18. Nxc4 bxc4 19. Qe4 Rab8 20. Rab1 Rfc8 21. c3 Rb5 22. Rfd1 Qb7 23. Rd2 Bd8 24. g4 Bb6 25. g5 Bxe3+ 26. Qxe3 Rxd5 27. Rbd1 Rxd2 28. Rxd2 Qc7 29. Qe4 Qc5+ 30. Kf1 Qc6 31. Qd5 Qxd5 32. Rxd5 Rc6 33. h4 Kf8 34. h5 Ke7 35. Kf2 g6 36. hxg6 hxg6 37. fxg6 fxg6 38. Rd1 Rb6 39. Rd2 Ke6 40. Ke3 Rb7 41. Ke4 Rf7 42. Rd1 Rf2 43. Rb1 d5+ 44. Ke3 Rc2 45. Rf1 Rxb2 46. Rf6+ Ke7 47. Rxa6 Rc2 48. a4 Rxc3+ 49. Kd2 Ra3 50. a5 d4 51. Rxg6 Rxa5 52. Rc6 Ra2+ 53. Kd1 Rg2 54. Rxc4 Rxg5 55. Rc6 Rg2 56. Ra6 Rf2 57. Ke1 Rf6 58. Ra5 Ke6 59. Ke2 Rf4 60. Kd3 Kf5 61. Rb5 Rf3+ 62. Ke2 Rc3 63. Kd2 Ke4 64. Rb1 Rf3 65. Re1+ Kf4 66. Rh1 e4 67. Rh4+ Ke5 68. Rh5+ Rf5 69. Rh4 Rf2+ 70. Ke1 e3 71. Rh8 Ke4 72. Ra8 Rc2 73. Ra4 Kd3 74. Ra3+ Rc3 75. Ra1 Ke4 76. Ra4 Kf3 77. Ra1 d3 78. Kd1 d2 79. Rb1 Rc1+ 80. Rxc1 dxc1Q+ 0-1

[Event "Gaia Profigaia op 7th"]
[Site "Vila Nova de Gaia"]
[Date "2014.06.28"]
[Round "2"]
[White "Alves, Fernando Pereira"]
[Black "Clemente, Antonio"]
[Result "1-0"]
[WhiteElo "1803"]
[BlackElo "1482"]
[PlyCount "101"]
[EventDate "2014.06.28"]
[EventType "swiss"]
[EventRounds "9"]
[EventCountry "POR"]
[SourceTitle "CBM 161 Extra"]
[Source "ChessBase"]
[SourceDate "2014.08.29"]
[SourceVersion "1"]
[SourceVersionDate "2014.08.29"]
[SourceQuality "1"]

1. e4 e5 2. Nf3 Nc6 3. Bc4 Nf6 4. d4 Nxe4 5. dxe5 d5 6. Bxd5 Bf5 7. 0-0 Bc5 8. c3 0-0 9. Bf4 Ne7 10. Bxe4 Bxe4 11. Nbd2 Bc6 12. Qe2 Ng6 13. Bg3 Re8 14. Rad1 Qe7 15. h4 h6 16. Rfe1 Rad8 17. h5 Nf8 18. Bh4 f6 19. Nb3 Bb6 20. Qc4+ Qe6 21. Qxe6+ Nxe6 22. Rxd8 Nxd8 23. exf6 Rxe1+ 24. Nxe1 Ne6 25. Nd3 gxf6 26. Bxf6 Kf7 27. Be5 Bd5 28. Nf4 Nxf4 29. Bxf4 a5 30. Bxh6 a4 31. Nd2 Bxa2 32. Be3 c5 33. Ne4 Bd5 34. Nxc5 Bc6 35. Bd4 Bd8 36. Nd3 Bc7 37. Ne5+ Bxe5 38. Bxe5 Be4 39. f3 Bc2 40. Bd4 b5 41. Kf2 Ke6 42. g4 Bh7 43. Ke3 Kd5 44. Bg7 Kc4 45. Bf8 Kb3 46. Ba3 Kc4 47. Kf4 Kd3 48. g5 Bg8 49. g6 Ke2 50. h6 Bd5 51. h7 1-0